Open Data Biblioteca Nacional de Portugal


República Portuguesa: Ministério da Cultura
Biblioteca Nacional de Portugal

Catálogo da BNP: acesso por Identificadores Unívocos
Registos Bibliográficos associados ao registo de autoridade

Etiqueta de registo: 00000nkm 2200025 450
001 2278217
003 http://id.bnportugal.gov.pt/bib/catbnp/2278217
100 ## $a20260309f1995 m y0pory01030103ba
101 0# $apor
102 ## $aPT
200 1# $a1.º Festival do Folclore Oestino, praia de Santa Cruz, 30 julho$bVisual gráfico]
210 #9 $aTorres Vedras$cCentro Cultural de Torres Vedras,$d[não posterior a 1995]
215 ## $a1 cartaz$ccolor.$d62,8x35,5 cm
306 ## $aDatação atribuída em conformidade com as características formais do documento
317 ## $aColeção Madeira Luís
710 02 $aFestival do Folclore Oestino,$d1,$eSanta Cruz (Torres Vedras)$31989995
712 02 $aCentro Cultural de Torres Vedras$31881984
801 #0 $aPT$bBN$gRPC
966 ## $lBN$mICONOG$sCT. 24861 A.$x3
971 ## $cCaticonografia9$d20260309
995 ## $aPRR2026

OpendataBNP@bnportugal.pt | Mais informação sobre acesso aos dados BNP